Quantitative Corpus Linguistics with R: a practical introduction

Đã lưu trong:
Chi tiết về thư mục
Tác giả chính: Gries, Stefan Thomas (Tác giả)
Định dạng: Sách
Ngôn ngữ:Tiếng Anh
Được phát hành: Nueva York Routledge 2009
Những chủ đề:
Các nhãn: Thêm thẻ
Không có thẻ, Là người đầu tiên thẻ bản ghi này!

MARC

LEADER 00000nam a2200000 a 4500
001 UCH4785
003 CL-VaPUC
008 090903e20090000US |||||||||||||||||eng|d
020 |a 9780415962704 
082 0 4 |a 410.285  |b GRI  |2 21 
100 |a Gries, Stefan Thomas  |e author  |9 570179 
245 1 0 |a Quantitative Corpus Linguistics with R: a practical introduction 
300 |a 248 p 
942 |c BK 
945 |d 20090903 00:00:00  |a dcastane 
260 |a Nueva York  |b Routledge  |c 2009 
650 0 |a Lingüística aplicada   |9 313266 
650 0 |a Análisis del discurso  |9 256696 
583 |a last modification  |c 20090903 00:00:00  |k Rodrigo Vera 
999 |c 336053  |d 336051 
952 |0 0  |1 0  |4 0  |6 410_285000000000000_GRI_2009  |7 0  |8 A  |9 426943  |a FDOPOS  |b FDOPOS  |d 2019-11-22  |i 4595440  |o 410.285 GRI 2009  |p 4595440  |r 2025-01-22  |w 2019-11-22  |y BK  |k DLA